Investigation on the Plankton Biota of Barind Wetland at Mohanpur in Relation toits Physico-Chemical Conditions / (Record no. 83586)
[ view plain ]
| 000 -LEADER | |
|---|---|
| fixed length control field | 00993nam a2200253 a 4500 |
| 001 - CONTROL NUMBER | |
| RUCL Control Number | 83586 |
| 003 - CONTROL NUMBER IDENTIFIER | |
| rucl marc code | BD-RjUL |
| 005 - DATE AND TIME OF LATEST TRANSACTION | |
| control field | 20240425110501.0 |
| 008 - FIXED-LENGTH DATA ELEMENTS--GENERAL INFORMATION | |
| fixed length control field | 240425s2004 bg a|||| m||| 00| 0 eng d |
| 035 ## - SYSTEM CONTROL NUMBER | |
| system control number | (BD-RjUL)83586 |
| 040 ## - CATALOGING SOURCE | |
| Original cataloging agency | BD-RjUL |
| Language of cataloging | eng |
| Transcribing agency | BD-RjUL |
| Modifying agency | BD-RjUL |
| 041 ## - LANGUAGE CODE | |
| Language code of Book | eng |
| 082 ## - DEWEY DECIMAL CLASSIFICATION NUMBER | |
| DDC Edition number | 23 |
| Classification number | 578.77 |
| Author mark and Year | ISI 2004 |
| 100 ## - MAIN ENTRY--PERSONAL NAME | |
| Personal name | Islam, Mohd. Azizul |
| 9 (RLIN) | 5453 |
| 245 10 - TITLE STATEMENT | |
| Title | Investigation on the Plankton Biota of Barind Wetland at Mohanpur in Relation toits Physico-Chemical Conditions / |
| Statement of responsibility, etc | By Mohd. Azizul Islam ; |
| Name of Supervisor/Co-Supervisor | Supervisor : M. Zaman, Supervisor : M. Altaf Hossain |
| 260 ## - PUBLICATION, DISTRIBUTION, ETC. (IMPRINT) | |
| Place of publication, distribution, etc | Rajshahi : |
| Name of publisher, distributor, etc | Department of Botany, University of Rajshahi, |
| Date of publication, distribution, etc | 2004 |
| 300 ## - PHYSICAL DESCRIPTION | |
| Pagination | [12], 163 Leaves : |
| Other physical details | ill, ; |
| Dimensions | 29 cm. |
| 502 ## - DISSERTATION NOTE | |
| Dissertation note | Thesis (Ph. D,) -- Department of Botany, University of Rajshahi, 2004 |
| 504 ## - BIBLIOGRAPHY, ETC. NOTE | |
| Bibliography, etc | References : Leaves [90]-124 |
| 650 ## - SUBJECT ADDED ENTRY--TOPICAL TERM | |
| Topical term or geographic name as entry element | Plankton |
| Form subdivision | Aquatic Environment |
| 9 (RLIN) | 12721 |
| 700 ## - ADDED ENTRY--SUPERVISOR/CO-SUPERVISOR NAME | |
| Personal name | Zaman, M. Supervisor |
| 9 (RLIN) | 5454 |
| Personal name | Hossain, M. Altaf, Supervisor |
| 942 ## - ADDED ENTRY ELEMENTS (KOHA) | |
| Source of classification or shelving scheme | Dewey Decimal Classification |
| Koha item type | Theses |
| Source of classification or shelving scheme | Damaged status | Not for loan | Collection code | Permanent Location | Current Location | Shelving location | Date of accession | Source of acquisition | Total Checkouts | Full call number | Barcode | Date last seen | Copy number | Thesis |
|---|---|---|---|---|---|---|---|---|---|---|---|---|---|---|
| Dewey Decimal Classification | Not For Loan | Theses | Central Library, University of Rajshahi | Central Library, University of Rajshahi | Documentation Section | 21/07/2005 | Controller of Exam. R. U. | THE 578.77 ISI 2004 | D2418 | 25/04/2024 | C-I | Theses |